| 000 | 01178naa a22003137a 4500 | ||
|---|---|---|---|
| 001 | BR8105664 | ||
| 003 | BR-BrBNA | ||
| 005 | 20250716171943.0 | ||
| 007 | ta | ||
| 008 | 250630b bl.|||m| |||| 00| 0 por d | ||
| 040 |
_aBR-BrBNA _bpor _cBiblioteca Nacional de Agricultura |
||
| 041 | _a(Pt) | ||
| 072 |
_aE15 _b0430 _bG514 |
||
| 090 | _aE15 BR8105664 | ||
| 100 | 1 | _aSampaio, E.M.S. | |
| 245 | 1 | _aA organizacao do trabalho em um municipio algodoeiro cearense: Itapipoca [Brasil] | |
| 500 | _aCadernos Sao Paulo, SP (Brasil): 1981. p. 123-145 [32 ref.] (BR8105664-AMS) | ||
| 773 | 0 |
_tExperiencias cooperativas no Nordeste [Comunidade rural; Politica social; Cooperativa; Brasil]: Ensaio comparativo / _aRios, G. - Superintendencia do Desenvolvimento do Nordeste, Recife, PE (Brasil) _wE50 BR6900293 _gRecife, PE (Brasil), 1969. _q194 p. |
|
| 650 | _aALGODAO | ||
| 650 | _aPROPRIEDADE RURAL | ||
| 650 | _aPARCERIA | ||
| 650 | _aLAVOURA | ||
| 650 | _aMONOCULTURA | ||
| 650 | _aSISTEMA DE PRODUCAO | ||
| 650 | _aCEARA | ||
| 490 |
_aCadernos - Centro de Estudos Rurais e Urbanos (Brazil) _vno. 15 |
||
| 942 |
_cAMS _2AGRIS |
||
| 909 |
_a202506 _bLúcia _c55 _dLúcia Elande |
||
| 999 |
_c333806 _d333806 |
||